| 000 | 00453nam a2200181Ia 4500 | ||
|---|---|---|---|
| 003 | GCL | ||
| 008 | 140319s9999 xx 000 0 eng d | ||
| 040 |
_aGCL / _cGCL |
||
| 082 | 0 | 4 |
_a004.65 _bS N |
| 100 | 1 | _aSANT' ANGELO, RICK | |
| 245 | 1 | 0 |
_aNETWARE UNLEASHED / _cSANT' ANGELO, RICK |
| 260 |
_a[S.N] : _bSAMS PUBLISHING ، _c1995 |
||
| 300 | _a1321 | ||
| 650 | 0 | 4 | _aCOMPUTER SOFTWARE |
| 650 | 0 | 4 | _aNET WORK |
| 650 | 0 | 4 | _aNET WARE |
| 942 |
_2ddc _cBK |
||
| 999 |
_c10829 _d10829 |
||